Música costarricense para ensamble de maderas

Na minha lista:
Detalhes bibliográficos
Main Authors: Meza, Vinicio (autor), Mora, Eddie (Author)
Formato: Livro
Idioma:espanhol
Publicado em: San José Universidad de Costa Rica 2008
Edição:1a. ed
Assuntos:
Tags: Adicionar Tag
Sem tags, seja o primeiro a adicionar uma tag!

MARC

LEADER 00000cam a2200000 a 4500
001 UCE7756
003 CL-VaPUC
008 150703e20080000cr |||||||||||||||||spa|d
020 |a 9789968460675 
082 0 4 |a 785.819  |b MEZ  |2 21 
100 |a Meza, Vinicio  |e autor  |9 580467 
700 0 |a Mora, Eddie  |e author  |9 580468 
245 1 0 |a Música costarricense para ensamble de maderas 
250 |a 1a. ed 
300 |a 36 p 
942 |c BK 
945 |d 20150703 10:05:00  |a gsalatino 
260 |a San José  |b Universidad de Costa Rica  |c 2008 
650 0 |a Cuarteto de vientos de madera  |9 329359 
650 0 |a Partituras  |9 324008 
650 0 |a Instrumentos de viento  |9 373984 
583 |a last modification  |c 20150703 10:05:00  |k Rodrigo Vera 
999 |c 359786  |d 359784 
952 |0 0  |1 0  |3 erb  |4 0  |6 785_819000000000000_MEZ_2008  |7 0  |8 ?  |9 469332  |a BIBEDU  |b BIBEDU  |i 5165326  |o 785.819 MEZ 2008  |p 5165326  |r 2023-01-12  |w 2019-11-23  |y BK  |z Catalogado en:20150703  |k MUS